[Event "Turkish Super League 2019"]
[Site "Konya"]
[Date "2019.07.27"]
[Round "12"]
[White "Yaran, Siar"]
[Black "Demircioglu, Emre"]
[Result "1/2-1/2"]
[WhiteElo "2197"]
[BlackElo "2242"]
[Annotator "NA"]
[PlyCount "164"]
[EventDate "2019.07.17"]
[EventType "team-tourn"]
[EventCountry "TUR"]
[SourceTitle "playchess.com"]
[Source "ChessBase"]
[SourceQuality "1"]
[TimeControl "40/5400+30:1800+30"]

1. e4 c5 2. Na3 g6 3. Nf3 Bg7 4. c3 Nf6 5. e5 Nd5 6. d4 cxd4 7. Qxd4 Nc7 8. Qh4 h6 9. Qg3 Nc6 10. Bd3 d6 11. exd6 Qxd6 12. Qxd6 exd6 13. Nc4 d5 14. Nd6+ Ke7 15. Nxc8+ Raxc8 16. Be3 Ne6 17. Rd1 Rhd8 18. O-O d4 19. cxd4 Ncxd4 20. Nxd4 Nxd4 21. Rfe1 Kf8 22. Kf1 b6 23. Rd2 Ne6 24. Red1 Nc5 25. Bc2 Rxd2 26. Rxd2 Ne6 27. Ke2 h5 28. Ba4 Rc7 29. a3 Ke7 30. Bb5 Be5 31. g3 f5 32. f4 Bf6 33. b4 Nd8 34. Bd4 {[%emt 1:45:20]} Bxd4 {[%emt 1:41:27]} 35. Rxd4 {[%emt 0:00:30]} Ne6 {[%emt 0:00:30]} 36. Rc4 {[%emt 0:00:30]} Rxc4 {[%emt 0:00:30]} 37. Bxc4 {[%emt 0:00:30]} Nf8 {[%emt 0:02:52]} 38. Kd3 {[%emt 0:00:09]} Nd7 {[%emt 0:01:22]} 39. Kd4 {[%emt 0:01:29]} Nf6 {[%emt 0:00:31]} 40. Bd5 {[%emt 0:00:00]} Ng4 {[%emt 0:00:00]} 41. h3 {[%emt 0:09:02]} Nf6 {[%emt 0:02:18]} 42. Bc4 {[%emt 0:11:53]} Ne4 {[%emt 0:11:30]} 43. g4 {[%emt 0:00:03]} hxg4 {[%emt 0:00:00]} 44. hxg4 {[%emt 0:00:02]} Nd6 {[%emt 0:00:00]} 45. gxf5 {[%emt 0:02:51]} Nxf5+ {[%emt 0:03:38]} 46. Ke5 {[%emt 0:00:11]} Nd6 {[%emt 0:02:09]} 47. Bf1 {[%emt 0:04:03]} Nf7+ {[%emt 0:02:52]} 48. Kd5 {[%emt 0:00:05]} g5 {[%emt 0:01:06]} 49. fxg5 {[%emt 0:00:03]} Nxg5 {[%emt 0:00:21]} 50. Kc6 {[%emt 0:00:03]} Kd8 {[%emt 0:08:38]} 51. Kb7 {[%emt 0:00:47]} Ne4 {[%emt 0:00:17]} 52. Bd3 {[%emt 0:04:57]} Nd6+ {[%emt 0:00:30]} 53. Kxa7 {[%emt 0:00:30]} Kc7 {[%emt 0:00:30]} 54. a4 {[%emt 0:00:30]} Nc8+ {[%emt 0:00:00]} 55. Ka6 {[%emt 0:00:00]} Nd6 {[%emt 0:00:00]} 56. Bc2 {[%emt 0:03:45]} Nc8 {[%emt 0:00:15]} 57. Be4 {[%emt 0:00:45]} Ne7 {[%emt 0:00:30]} 58. Bg2 {[%emt 0:00:30]} Nc8 {[%emt 0:00:30]} 59. Bd5 {[%emt 0:00:00]} Ne7 {[%emt 0:00:18]} 60. Be4 {[%emt 0:00:00]} Nc8 {[%emt 0:00:00]} 61. Bd5 {[%emt 0:01:13]} Ne7 {[%emt 0:00:19]} 62. Be6 {[%emt 0:00:07]} Nc6 {[%emt 0:00:50]} 63. b5 {[%emt 0:00:06]} Nd4 {[%emt 0:00:45]} 64. Bg4 {[%emt 0:01:26]} Nb3 {[%emt 0:00:24]} 65. Ka7 {[%emt 0:00:35]} Nc5 {[%emt 0:00:18]} 66. Bd1 {[%emt 0:00:06]} Nb7 {[%emt 0:00:30]} 67. Bb3 {[%emt 0:00:00]} Nc5 {[%emt 0:00:01]} 68. Bc2 {[%emt 0:00:22]} Nb7 {[%emt 0:00:15]} 69. Bd1 {[%emt 0:01:37]} Nc5 {[%emt 0:00:06]} 70. a5 {[%emt 0:00:33]} bxa5 {[%emt 0:00:09]} 71. b6+ {[%emt 0:00:00]} Kd6 {[%emt 0:00:22]} 72. Bc2 {[%emt 0:00:39]} Kc6 {[%emt 0:00:14]} 73. Ba4+ {[%emt 0:00:34]} Kd6 {[%emt 0:00:13]} 74. Bb5 {[%emt 0:00:00]} Ke7 {[%emt 0:00:39]} 75. Kb8 {[%emt 0:00:57]} Kd8 {[%emt 0:00:06]} 76. Ka7 {[%emt 0:00:33]} Kc8 {[%emt 0:00:40]} 77. Bc6 {[%emt 0:00:11]} Kd8 {[%emt 0:00:00]} 78. Bb5 {[%emt 0:00:40]} Kc8 {[%emt 0:00:18]} 79. Be8 {[%emt 0:00:19]} Kd8 {[%emt 0:00:05]} 80. Bc6 {[%emt 0:00:30]} Kc8 {[%emt 0:00:00]} 81. Ka8 {[%emt 0:00:12]} Kd8 {[%emt 0:00:00]} 82. Kb8 {[%emt 0:00:08]} a4 {[%emt 0:00:20]} 1/2-1/2

[Event "Turkish Super League 2019"]
[Site "Konya"]
[Date "2019.07.27"]
[Round "12"]
[White "Akdogan, Alperen"]
[Black "Ozer, Omer Faruk"]
[Result "1/2-1/2"]
[WhiteElo "2193"]
[BlackElo "2369"]
[Annotator "NA"]
[PlyCount "103"]
[EventDate "2019.07.17"]
[EventType "team-tourn"]
[EventCountry "TUR"]
[SourceTitle "playchess.com"]
[Source "ChessBase"]
[SourceQuality "1"]
[TimeControl "40/5400+30:1800+30"]

1. d4 Nf6 2. Nf3 e6 3. c4 b6 4. g3 c6 5. Bg2 Be7 6. O-O O-O 7. Nbd2 d5 8. Qc2 Bb7 9. e4 Na6 10. e5 Nd7 11. cxd5 Nb4 12. Qb3 cxd5 13. a3 Nc6 14. Re1 a5 15. Nf1 a4 16. Qd1 b5 17. h4 Na5 18. Rb1 Rc8 19. Bg5 h6 20. Bf4 Re8 21. Ne3 Nb3 22. h5 Nf8 23. Bf1 b4 24. Bd3 bxa3 25. bxa3 Rc3 26. Bb5 Bc6 27. Bxc6 Rxc6 28. Nd2 Nxd4 29. Bxh6 Nf5 30. Qxa4 Qa8 31. Qxa8 Rxa8 32. Nxf5 exf5 33. Be3 Ne6 34. Nf3 Rc7 {[%emt 1:45:36]} 35. Rec1 {[%emt 1:42:17]} Rd7 {[%emt 0:00:30]} 36. a4 {[%emt 0:00:30]} d4 {[%emt 0:00:15]} 37. Bd2 {[%emt 0:03:22]} Rxa4 {[%emt 0:00:30]} 38. Rb8+ {[%emt 0:00:00]} Rd8 {[%emt 0:00:40]} 39. Rxd8+ {[%emt 0:01:16]} Bxd8 {[%emt 0:00:30]} 40. Kf1 {[%emt 0:00:00]} Kh7 {[%emt 0:00:00]} 41. Rb1 {[%emt 0:11:05]} Ra7 {[%emt 0:02:29]} 42. Ke2 {[%emt 0:10:06]} Rd7 {[%emt 0:07:30]} 43. Rb5 {[%emt 0:03:55]} Be7 {[%emt 0:03:30]} 44. Bb4 {[%emt 0:03:17]} Bxb4 {[%emt 0:09:27]} 45. Rxb4 {[%emt 0:00:30]} Kh6 {[%emt 0:00:00]} 46. Kd3 {[%emt 0:01:36]} Kxh5 {[%emt 0:01:37]} 47. Nxd4 {[%emt 0:03:40]} f4 {[%emt 0:03:40]} 48. gxf4 {[%emt 0:01:01]} Kg4 {[%emt 0:00:30]} 49. Ke4 {[%emt 0:00:17]} Nxd4 {[%emt 0:02:06]} 50. Rxd4 {[%emt 0:00:30]} Rxd4+ {[%emt 0:00:30]} 51. Kxd4 {[%emt 0:00:30]} Kxf4 {[%emt 0:00:30]} 52. Kd5 {[%emt 0:00:30]} 1/2-1/2

[Event "Turkish Super League 2019"]
[Site "Konya"]
[Date "2019.07.27"]
[Round "12"]
[White "Karagollu, Ahmet"]
[Black "Safarli, Eltaj"]
[Result "1/2-1/2"]
[WhiteElo "2135"]
[BlackElo "2608"]
[Annotator "ChessBase"]
[PlyCount "113"]
[EventDate "2019.07.17"]
[EventType "team-tourn"]
[EventCountry "TUR"]
[SourceTitle "playchess.com"]
[Source "ChessBase"]
[SourceQuality "1"]
[TimeControl "40/5400+30:1800+30"]

1. e4 c5 2. Nf3 Nc6 3. Bb5 d6 4. Bxc6+ bxc6 5. O-O Bg4 6. h3 Bh5 7. Re1 e6 8. d3 Nf6 9. Nbd2 Be7 10. Nf1 Nd7 11. Ng3 Bg6 12. e5 d5 13. Ne2 a5 14. a4 Nb6 15. Nf4 c4 16. dxc4 Nxc4 17. b3 Nb6 18. Nd4 Qd7 19. Bd2 c5 20. Nxg6 hxg6 21. Nb5 Rh5 22. Re2 Nc8 23. Qe1 Na7 24. c4 Nc6 25. cxd5 exd5 26. e6 fxe6 27. Rxe6 Kf7 28. Re3 d4 29. Re4 Kg8 30. Qe2 d3 31. Qe3 Bg5 32. f4 Bf6 33. Re1 Rd5 34. Kh2 Nb4 35. Qf3 Rf8 36. Rd1 g5 37. Nc3 Rd4 38. Nb5 Rd5 39. Nc3 Rf5 40. Nb5 Be5 {[%emt 1:09:00]} 41. g3 {[%emt 1:49:30]} Nc6 {[%emt 0:33:30]} 42. Bc1 {[%emt 0:03:30]} gxf4 {[%emt 0:03:30]} 43. g4 {[%emt 0:00:30]} R5f6 {[%emt 0:00:30]} 44. Rxd3 {[%emt 0:00:30]} Bd4 {[%emt 0:08:30]} 45. Bb2 {[%emt 0:07:30]} Qd5 {[%emt 0:01:30]} 46. Bxd4 {[%emt 0:02:03]} cxd4 {[%emt 0:01:30]} 47. Nc7 {[%emt 0:04:53]} Qf7 {[%emt 0:08:13]} 48. Nb5 {[%emt 0:00:40]} Re8 {[%emt 0:02:59]} 49. Rxe8+ {[%emt 0:01:51]} Qxe8 {[%emt 0:00:01]} 50. Nxd4 {[%emt 0:01:50]} Ne5 {[%emt 0:00:30]} 51. Qd5+ {[%emt 0:00:39]} Kh8 {[%emt 0:00:00]} 52. Rc3 {[%emt 0:02:37]} f3 {[%emt 0:03:55]} 53. Nxf3 {[%emt 0:01:01]} Nxf3+ {[%emt 0:03:35]} 54. Rxf3 {[%emt 0:00:30]} Qe2+ {[%emt 0:00:30]} 55. Kg3 {[%emt 0:00:30]} Qe1+ {[%emt 0:00:30]} 56. Kg2 {[%emt 0:00:30]} Qe2+ {[%emt 0:00:30]} 57. Kg3 {[%emt 0:00:00]} 1/2-1/2

[Event "Turkish Super League 2019"]
[Site "Konya"]
[Date "2019.07.27"]
[Round "12"]
[White "Caglar, Ahmet Ata"]
[Black "Dolgun, Can"]
[Result "1/2-1/2"]
[WhiteElo "2051"]
[BlackElo "2064"]
[Annotator "NA"]
[PlyCount "175"]
[EventDate "2019.07.17"]
[EventType "team-tourn"]
[EventCountry "TUR"]
[SourceTitle "playchess.com"]
[Source "ChessBase"]
[SourceQuality "1"]
[TimeControl "40/5400+30:1800+30"]

1. d4 Nf6 2. c4 g6 3. Nc3 Bg7 4. Bg5 O-O 5. e3 d6 6. Nf3 Na6 7. Be2 Qe8 8. O-O e5 9. Rc1 h6 10. Bh4 g5 11. Bg3 Nh5 12. dxe5 Nxg3 13. hxg3 dxe5 14. Nd2 Be6 15. Qb3 Rb8 16. g4 c6 17. Nde4 Qe7 18. Rfd1 Rfd8 19. Ng3 Qb4 20. Qxb4 Nxb4 21. a3 Na6 22. Nce4 Bf8 23. Nf5 Nc7 24. g3 Ne8 25. Kg2 f6 26. Rh1 Kh7 27. Rh2 Kg6 28. Rhh1 b6 29. Rcd1 Bxf5 30. gxf5+ Kxf5 31. g4+ Ke6 32. Bf3 Rbc8 33. Rxd8 Rxd8 34. Ng3 Nd6 35. b3 Rc8 36. Rd1 a5 37. a4 Nb7 38. Be4 Rd8 39. Rxd8 Nxd8 40. Nf5 Kd7 41. Kf1 Nb7 42. Bc2 Nc5 43. Ke2 Ke6 44. Ng3 Na6 45. Nf5 Kd7 {[%emt 1:49:30]} 46. Kd2 {[%emt 1:39:00]} Kc7 {[%emt 0:00:30]} 47. Bd3 {[%emt 0:05:30]} Bb4+ {[%emt 0:00:30]} 48. Ke2 {[%emt 0:00:30]} Bf8 {[%emt 0:00:30]} 49. Kd2 {[%emt 0:00:30]} Nc5 {[%emt 0:02:30]} 50. Kc3 {[%emt 0:00:30]} Kd7 {[%emt 0:03:30]} 51. Bc2 {[%emt 0:00:30]} Ke6 {[%emt 0:01:30]} 52. Ng3 {[%emt 0:00:30]} Kf7 {[%emt 0:03:30]} 53. Nf5 {[%emt 0:00:30]} Ke6 {[%emt 0:02:30]} 54. Ng3 {[%emt 0:00:30]} Kd7 {[%emt 0:00:00]} 55. Nf5 {[%emt 0:00:00]} Ne6 {[%emt 0:00:00]} 56. Kd2 {[%emt 0:00:00]} Nd8 {[%emt 0:00:30]} 57. Be4 {[%emt 0:01:30]} Nf7 {[%emt 0:00:30]} 58. Bc2 {[%emt 0:01:30]} Ke6 {[%emt 0:00:30]} 59. Be4 {[%emt 0:01:30]} Kd7 {[%emt 0:00:30]} 60. Bc2 {[%emt 0:00:00]} Kc7 {[%emt 0:03:30]} 61. Bd3 {[%emt 0:00:00]} Kb7 {[%emt 0:00:30]} 62. Be4 {[%emt 0:00:30]} Nd8 {[%emt 0:00:30]} 63. Bd3 {[%emt 0:01:30]} Ne6 {[%emt 0:00:00]} 64. Kc2 {[%emt 0:00:30]} Nc5 {[%emt 0:00:00]} 65. Kc3 {[%emt 0:00:30]} Ka6 {[%emt 0:01:30]} 66. Ng3 {[%emt 0:00:30]} Ka7 {[%emt 0:00:53]} 67. Nf5 {[%emt 0:00:30]} Kb8 {[%emt 0:00:28]} 68. Ng3 {[%emt 0:00:30]} Nb7 {[%emt 0:00:19]} 69. Nf5 {[%emt 0:00:00]} Nc5 {[%emt 0:01:02]} 70. Ng3 {[%emt 0:00:00]} Na6 {[%emt 0:00:04]} 71. Nf5 {[%emt 0:00:30]} Bb4+ {[%emt 0:00:51]} 72. Kc2 {[%emt 0:00:00]} Bf8 {[%emt 0:00:55]} 73. Kd2 {[%emt 0:00:00]} Kc7 {[%emt 0:01:01]} 74. Bc2 {[%emt 0:01:30]} Kd7 {[%emt 0:02:06]} 75. Be4 {[%emt 0:00:00]} Nc5 {[%emt 0:01:31]} 76. Bc2 {[%emt 0:00:00]} Kd8 {[%emt 0:01:08]} 77. Ng3 {[%emt 0:00:30]} Kc7 {[%emt 0:00:05]} 78. Nf5 {[%emt 0:00:00]} b5 {[%emt 0:00:19]} 79. cxb5 {[%emt 0:08:00]} cxb5 {[%emt 0:00:01]} 80. Kc3 {[%emt 0:00:30]} Kc6 {[%emt 0:00:45]} 81. Ng3 {[%emt 0:00:30]} bxa4 {[%emt 0:01:12]} 82. bxa4 {[%emt 0:00:30]} Kd5 {[%emt 0:00:05]} 83. f3 {[%emt 0:01:30]} Nd7 {[%emt 0:01:24]} 84. Bb3+ {[%emt 0:00:30]} Kc6 {[%emt 0:00:58]} 85. Bc4 {[%emt 0:00:30]} Nb6 {[%emt 0:01:24]} 86. Bb5+ {[%emt 0:00:30]} Kd6 {[%emt 0:00:26]} 87. Nf5+ {[%emt 0:02:30]} Kc5 {[%emt 0:01:44]} 88. e4 {[%emt 0:00:00]} 1/2-1/2

[Event "Turkish Super League 2019"]
[Site "Konya"]
[Date "2019.07.27"]
[Round "12"]
[White "Aydin, Hakan Arda"]
[Black "Kamer, Kayra"]
[Result "0-1"]
[WhiteElo "1956"]
[BlackElo "2340"]
[Annotator "NA"]
[PlyCount "94"]
[EventDate "2019.07.17"]
[EventType "team-tourn"]
[EventCountry "TUR"]
[SourceTitle "playchess.com"]
[Source "ChessBase"]
[SourceQuality "1"]
[TimeControl "40/5400+30:1800+30"]

1. e4 {[%emt 0:00:30]} c5 {[%emt 0:00:30]} 2. Nf3 {[%emt 0:00:30]} e6 {[%emt 0:00:30]} 3. d4 {[%emt 0:00:30]} cxd4 {[%emt 0:00:30]} 4. Nxd4 {[%emt 0:00:00]} a6 {[%emt 0:00:00]} 5. Nc3 {[%emt 0:00:00]} b5 {[%emt 0:00:00]} 6. a3 {[%emt 0:00:30]} Bb7 {[%emt 0:00:00]} 7. Be3 {[%emt 0:00:30]} Qc7 {[%emt 0:00:00]} 8. f3 {[%emt 0:03:30]} Nf6 {[%emt 0:00:00]} 9. g4 {[%emt 0:01:30]} h6 {[%emt 0:00:00]} 10. Qe2 {[%emt 0:08:30]} d5 {[%emt 0:01:30]} 11. g5 {[%emt 0:11:30]} hxg5 {[%emt 0:00:30]} 12. Bxg5 {[%emt 0:00:30]} dxe4 {[%emt 0:00:00]} 13. fxe4 {[%emt 0:03:30]} b4 {[%emt 0:00:00]} 14. axb4 {[%emt 0:12:30]} Bxb4 {[%emt 0:00:00]} 15. Bd2 {[%emt 0:00:30]} Bxc3 {[%emt 0:00:00]} 16. Bxc3 {[%emt 0:00:30]} Nxe4 {[%emt 0:00:30]} 17. Ba5 {[%emt 0:00:30]} Qf4 {[%emt 0:00:30]} 18. Bg2 {[%emt 0:07:30]} Qh4+ {[%emt 0:00:00]} 19. Kf1 {[%emt 0:02:30]} Qf6+ {[%emt 0:00:00]} 20. Nf3 {[%emt 0:01:30]} Nd7 {[%emt 0:00:00]} 21. Kg1 {[%emt 0:01:30]} Qxb2 {[%emt 0:00:00]} 22. Rd1 {[%emt 0:02:30]} Rh5 {[%emt 0:00:30]} 23. Be1 {[%emt 0:08:30]} Rc8 {[%emt 0:00:30]} 24. Nd4 {[%emt 0:02:30]} Rg5 {[%emt 0:00:00]} 25. h4 {[%emt 0:04:30]} Ng3 {[%emt 0:00:00]} 26. Bxg3 {[%emt 0:00:30]} Rxg3 {[%emt 0:00:00]} 27. Rh2 {[%emt 0:00:30]} Qb6 {[%emt 0:05:00]} 28. Kh1 {[%emt 0:00:30]} Nf6 {[%emt 0:00:30]} 29. Qe5 {[%emt 0:07:53]} Bxg2+ {[%emt 0:01:30]} 30. Rxg2 {[%emt 0:00:06]} Rxg2 {[%emt 0:00:30]} 31. Kxg2 {[%emt 0:00:28]} Rc5 {[%emt 0:01:30]} 32. Qg3 {[%emt 0:01:48]} Kf8 {[%emt 0:01:30]} 33. Rb1 {[%emt 0:06:48]} Rxc2+ {[%emt 0:00:30]} 34. Nxc2 {[%emt 0:00:10]} Qxb1 {[%emt 0:00:00]} 35. Qd6+ {[%emt 0:04:42]} Kg8 {[%emt 0:00:00]} 36. Ne3 {[%emt 0:02:07]} Qe4+ {[%emt 0:00:00]} 37. Kf2 {[%emt 0:00:22]} Qxh4+ {[%emt 0:00:00]} 38. Ke2 {[%emt 0:00:19]} Qf2+ {[%emt 0:00:00]} 39. Kd3 {[%emt 0:00:25]} Qd2+ {[%emt 0:00:00]} 40. Kxd2 {[%emt 0:00:30]} Ne4+ {[%emt 0:00:00]} 41. Kd3 {[%emt 0:00:00]} Nxd6 {[%emt 0:00:00]} 42. Kc3 {[%emt 0:01:22]} f5 {[%emt 0:00:30]} 43. Kb4 {[%emt 0:00:30]} g5 {[%emt 0:00:00]} 44. Kc5 {[%emt 0:00:00]} Ne4+ {[%emt 0:00:00]} 45. Kb6 {[%emt 0:00:00]} f4 {[%emt 0:00:00]} 46. Nf1 {[%emt 0:00:00]} g4 {[%emt 0:00:00]} 47. Kxa6 {[%emt 0:00:00]} g3 {[%emt 0:00:30]} 0-1

[Event "Turkish Super League 2019"]
[Site "Konya"]
[Date "2019.07.27"]
[Round "12"]
[White "Gurel, Ediz"]
[Black "Firat, Burak"]
[Result "0-1"]
[WhiteElo "1925"]
[BlackElo "2463"]
[Annotator "ChessBase"]
[PlyCount "92"]
[EventDate "2019.07.17"]
[EventType "team-tourn"]
[EventCountry "TUR"]
[SourceTitle "playchess.com"]
[Source "ChessBase"]
[SourceQuality "1"]
[TimeControl "40/5400+30:1800+30"]

1. e4 c5 2. Nf3 Nc6 3. d4 cxd4 4. Nxd4 Nf6 5. Nc3 d6 6. Nd5 Nxd5 7. exd5 Qa5+ 8. Bd2 Qxd5 9. Nb5 Qe6+ 10. Be2 Qd7 11. c4 Qd8 12. Bc3 a6 13. Nd4 Bd7 14. O-O e6 15. f4 Be7 16. Bf3 O-O 17. Qd2 Re8 18. Rad1 Bf8 19. b3 Rc8 20. Qb2 b5 21. cxb5 Nxd4 22. Bxd4 axb5 23. Bb7 Rb8 24. Bf3 Qa5 25. b4 Qa6 26. Rd3 d5 27. f5 exf5 28. Bxd5 Be6 29. Rg3 g6 30. Bxe6 Qxe6 31. a3 Qd5 32. Bc3 Re4 33. Qf2 Rbe8 34. Qb6 Bd6 35. Rgf3 h5 36. R3f2 Rb8 37. Qa7 Qc6 38. Rf3 Ra8 39. Qf2 Rxa3 40. Qb2 Ra8 41. Rh3 Rae8 42. Qd2 {[%emt 1:44:00]} Re2 {[%emt 1:52:00]} 43. Qg5 {[%emt 0:00:30]} Be7 {[%emt 0:00:00]} 44. Qg3 {[%emt 0:00:30]} h4 {[%emt 0:00:00]} 45. Rxf5 {[%emt 0:01:30]} Bxb4 {[%emt 0:02:30]} 46. Qf3 {[%emt 0:05:30]} Qb6+ {[%emt 0:01:30]} 0-1

[Event "Turkish Super League 2019"]
[Site "Konya"]
[Date "2019.07.28"]
[Round "13"]
[White "Firouzja, Alireza"]
[Black "Asadli, Vugar"]
[Result "1-0"]
[WhiteElo "2685"]
[BlackElo "2502"]
[Annotator "TA"]
[PlyCount "55"]
[EventDate "2019.07.17"]
[EventType "team-tourn"]
[EventCountry "TUR"]
[SourceTitle "playchess.com"]
[Source "ChessBase"]
[SourceQuality "1"]

{[%evp 20,55,41,5,9,4,17,25,23,21,8,0,-6,-12,28,28,28,27,22,21,75,84,101,91,69,44,130,130,93,72,163,107,212,170,300,240,558,525]} 1. d4 Nf6 2. c4 g6 3. g3 Bg7 4. Bg2 d5 5. cxd5 Nxd5 6. e4 Nb6 7. Ne2 c5 8. d5 e6 9. O-O exd5 10. exd5 O-O 11. Nbc3 Bf5 {D72: Fianchetto Grünfeld: 5 cxd5 Nxd5 6 e4 Nb6 (without Nf3)} 12. Be3 (12. h3 h5 13. h4 Re8 14. d6 Qd7 15. a4 Na6 16. Bg5 Nb4 17. a5 Nc4 18. a6 bxa6 19. Bxa8 Rxa8 {½-½ (31) Wang,H (2722)-Li,C (2619) Danzhou 2010}) 12... Na6 13. b3 Re8 {White has an edge.} 14. h3 $146 ({Predecessor:} 14. Rc1 Qd7 15. Nf4 Rad8 16. d6 Nc8 17. Qd5 Nxd6 18. Bxc5 Nxc5 19. Qxc5 {½-½ (34) Korbal,A (2156)-Schmidt,W (2273) Police 2017}) 14... Nb4 15. Rc1 c4 16. Bd4 Bh6 17. bxc4 Bxc1 18. Nxc1 Rc8 19. a3 Na6 (19... Nc2 $11 20. c5 Nxd4 21. Qxd4 Qc7) 20. g4 $16 Bd7 21. Ne4 Rxe4 22. Bxe4 Nc5 {[#]} (22... Rxc4 $14 23. Re1 Ba4) 23. Bg2 $1 Nxc4 24. Re1 Nd6 (24... Qa5 $16 {might work better.}) 25. Qd2 (25. Nd3 $18 b6 26. Nxc5 bxc5 27. Ba1) 25... Nb5 (25... Bb5 $16) 26. Ba1 $18 {Black must now prevent d6.} Na4 (26... Nd6 {was worth a try.} 27. Qd4 f6) 27. Na2 Qf8 $2 {[#]} (27... Nc5 28. Qh6 f6) 28. Qf4 {Accuracy: White = 82%, Black = 25%.} 1-0

[Event "Turkish Super League 2019"]
[Site "Konya"]
[Date "2019.07.28"]
[Round "13"]
[White "Abasov, Nijat"]
[Black "Saric, Ivan"]
[Result "1/2-1/2"]
[WhiteElo "2641"]
[BlackElo "2681"]
[Annotator "TA"]
[PlyCount "72"]
[EventDate "2019.07.17"]
[EventType "team-tourn"]
[EventCountry "TUR"]
[SourceTitle "playchess.com"]
[Source "ChessBase"]
[SourceQuality "1"]

{[%evp 13,72,0,0,3,17,6,5,0,46,0,16,0,0,0,12,14,14,-9,-10,-10,-4,-16,-28,-26,-4,0,0,0,-4,-12,0,-20,0,0,0,0,0,-3,-3,-4,-4,-4,-4,-8,-8,-9,0,-6,0,0,0,-7,0,0,0,0,0,-18,0,0,0]} 1. e4 c5 2. c3 Nf6 3. e5 Nd5 4. Nf3 d6 5. Bc4 e6 6. d4 cxd4 7. cxd4 Be7 8. O-O {B22: Sicilian: 2 c3} O-O 9. Bd2 dxe5 10. dxe5 Nd7 (10... Nb6 11. Bb3 Bd7 12. Qe2 Ba4 13. Bxa4 Nxa4 14. Nc3 Nxc3 15. Bxc3 Nc6 {½-½ (30) Petrov,N (2591)-Zvjaginsev,V (2642) Skopje 2019}) 11. Nc3 (11. Bxd5 $5 exd5 12. Be3 $11) 11... N7b6 12. Bb3 $146 ({Predecessor:} 12. Bxd5 exd5 13. Be3 Be6 14. Bxb6 Qxb6 15. Nxd5 Bxd5 16. Qxd5 {0-1 (34) Hugo Borra,J (1591)-Salas Munoz,P (2001) Turmero 2017}) 12... Nxc3 13. Bxc3 Nd5 14. Bxd5 Qxd5 15. Qe2 Bd7 16. Rfd1 Qb5 17. Qe1 Rfd8 18. a4 Qb3 19. Nd4 {The position is equal.} Qc4 $1 20. b3 Qc5 21. Rac1 {[#] Hoping for Ba5.} a5 22. Qe3 Be8 23. Be1 Qa7 24. Nf5 Qxe3 25. Nxe7+ Kf8 26. fxe3 {[#] aiming for Rxd8.} Rxd1 27. Rxd1 {And now Bh4 would win.} Kxe7 $11 {[%mdl 4096] Endgame KRB-KRB} 28. Bh4+ Kf8 29. Rd8 Ra6 30. Be1 Ke7 31. Bh4+ Kf8 32. Be1 Ke7 33. Rb8 Bc6 34. b4 axb4 35. Bxb4+ Kd7 36. a5 Be4 {Accuracy: White = 65%, Black = 49%.} 1/2-1/2

[Event "Turkish Super League 2019"]
[Site "Konya"]
[Date "2019.07.28"]
[Round "13"]
[White "Durarbayli, Vasif"]
[Black "Inarkiev, Ernesto"]
[Result "1-0"]
[WhiteElo "2637"]
[BlackElo "2693"]
[Annotator "TA"]
[PlyCount "131"]
[EventDate "2019.07.17"]
[EventType "team-tourn"]
[EventCountry "TUR"]
[SourceTitle "playchess.com"]
[Source "ChessBase"]
[SourceQuality "1"]

{[%evp 15,131,20,22,20,11,15,22,12,13,24,32,6,6,9,24,4,43,54,78,82,76,47,96,55,76,-9,0,-29,-26,-4,42,29,33,30,35,39,45,52,153,138,385,0,0,0,31,0,31,42,15,28,44,26,39,39,39,39,70,44,78,78,78,78,78,78,78,78,78,78,78,78,78,78,29948,29957,29956,29949,29957,29950,29944,29955,29959,29957,29955,29953,29959,0,29957,29958,29960,29961,29948,29949,12812,9416,29965,29965,29965,29966,29964,29966,29967,29968,29967,29969,29969,29970,29970,29973,29976,29977,29977,29978,29978,29979,29979,29979,29979,29976]} 1. e4 e5 2. Nf3 Nc6 3. Bb5 a6 4. Ba4 Nf6 5. O-O Be7 6. d3 b5 7. Bb3 d6 8. a4 Bd7 9. c3 {C84: Closed Ruy Lopez: Unusual White 6th moves} Na5 10. Bc2 c5 11. d4 {The position is equal.} Qb8 12. Bg5 h6 13. Bh4 (13. Bxf6 $5 gxf6 14. Qe2 $14) 13... Be6 {[#]} 14. h3 $146 ({Predecessor:} 14. axb5 axb5 15. Nbd2 O-O 16. Re1 Rc8 {½-½ (56) Karjakin,S (2753)-Aronian,L (2765) Kolkata 2018}) 14... O-O 15. Bg3 {[%cal Rd4e5]} Nh5 16. Bh2 $1 {[%cal Rf3e5]} Nf4 17. Bxf4 exf4 18. Re1 bxa4 19. Rxa4 Nc4 20. Rxc4 ({White should try} 20. Qe2 $16 Nxb2 21. Rxa6) 20... Bxc4 $11 21. b3 Bb5 22. c4 Be8 23. Nc3 cxd4 24. Nd5 Qd8 25. e5 dxe5 26. Nxe5 ({Much worse is} 26. Nxe7+ Qxe7 27. Rxe5 Qc7 $17) 26... Bc5 (26... Bg5 $14) 27. b4 $16 Ba7 $2 {[#]} (27... Bd6 $16) 28. Nxf4 $2 (28. Nxf7 $1 $18 {[%mdl 512] White threatens Qd3 and mate.} Bxf7 29. Ne7+ Qxe7 30. Rxe7 Bxc4 31. Qf3) 28... d3 $1 $11 {[%cal Rd3c2][%mdl 64] Decoy} 29. Bxd3 $40 {[%mdl 128] Black needs to defend precisely.} Qd4 30. Qf3 {aiming for Nd5.} (30. Qd2 $5 {[%cal Rf4d5]}) 30... Rd8 (30... Ba4 $5 {[%cal Ra8e8]} 31. Nh5 Rae8 $11) 31. Nd5 Rxd5 32. cxd5 {Threatens to win with Nc6.} Qxb4 33. Rd1 {And now d6 would win.} Bb8 34. Nc6 Bxc6 35. dxc6 Re8 36. g3 Re1+ 37. Rxe1 Qxe1+ 38. Kg2 {Threatening mate with c7.} Qe7 39. Bxa6 g6 40. h4 h5 41. Bc4 Bd6 42. Qd5 Kg7 43. f4 Bc5 $2 {[%mdl 8192] [#]} (43... Bc7 $16) 44. Qxf7+ $1 {[%mdl 512]} Qxf7 45. Bxf7 {[%mdl 4096] Endgame KB-KB} Bb6 46. Be8 Kf6 47. Kf3 Kf5 48. Bf7 Kf6 49. Bd5 Kf5 50. Bf7 Kf6 $1 51. Bb3 Kf5 52. Bc2+ Kf6 53. Ke4 Ke6 54. Bb3+ Ke7 55. Kd5 {White mates.} Bf2 56. Ba4 Bb6 57. Bb5 Ba5 58. Kc5 Kd8 59. Bd3 Kc7 60. Bxg6 Be1 61. g4 hxg4 62. h5 Bd2 63. h6 Bxf4 64. h7 Be5 65. Kd5 Bc3 66. Be4 {Accuracy: White = 76%, Black = 56%.} 1-0